| Tag |
First Indicator |
Second Indicator |
Subfields |
| LEADER |
00000nam a2200000Ia 4500 |
| 001 |
in00004199739 |
| 005 |
20200806090922.0 |
| 006 |
m g d |
| 007 |
cr bn |||a|bb| |
| 008 |
900424s1611 stk o 00| | lat d |
| 035 |
|
|
|a (OCoLC)21421444
|
| 040 |
|
|
|a EBL
|c EBL
|d WaOLN
|
| 037 |
|
|
|a CL0036000050
|b ProQuest. 789 E. Eisenhower Parkway, Ann Arbor, MI 48108-3218
|
| 043 |
|
|
|a e-uk-st
|
| 090 |
|
|
|a LF1107
|b .G95 1611
|
| 049 |
|
|
|a UMIA
|
| 245 |
0 |
0 |
|a Gymnasma philosophicum de rebus logicis, ethicis, physicis, sphæricis, metaphysicis, in publico philosophantium consessu, in Academia Andreana :
|b ab ingenuis nonnullis Salvatoriani Gymnasij adolescentibus, rude philosphica jam donandis, D.O. M.A. habendum A.D, Iunii 1611, loco consueto /
|c Alexandro Henrisono præside.
|
| 260 |
|
|
|a Edinburgi :
|b Excudebat Andreas Hart,
|c 1611.
|
| 300 |
|
|
|a 1 online resource ([IV], XXVI [id est XXXVI] pages)
|
| 336 |
|
|
|a text
|b txt
|2 rdacontent
|
| 337 |
|
|
|a computer
|b c
|2 rdamedia
|
| 338 |
|
|
|a online resource
|b cr
|2 rdacarrier
|
| 500 |
|
|
|a Signatures: [A]² B-E⁴ F².
|
| 500 |
|
|
|a Numerous errors in paging.
|
| 500 |
|
|
|a Title and text in ornamental border.
|
| 500 |
|
|
|a Formerly STC 21555--Cf. STC (2nd edition).
|
| 500 |
|
|
|a Reproduction of original in the British Library.
|
| 510 |
4 |
|
|a STC (2nd edition)
|c 21555.16
|
| 533 |
|
|
|a Electronic reproduction.
|b Ann Arbor, Mich. :
|c UMI,
|d 1999-
|f (Early English books online)
|n Digital version of: (Early English books, 1475-1640 ; 1735:8)
|7 s1999 miun s
|
| 610 |
2 |
0 |
|a University of St. Andrews
|x Dissertations.
|
| 650 |
|
0 |
|a Dissertations, Academic
|z Scotland.
|
| 700 |
1 |
|
|a Henderson, Alexander.
|
| 710 |
2 |
|
|a University of St. Andrews.
|
| 830 |
|
0 |
|a Early English books online.
|
| 856 |
4 |
0 |
|u http://proxy.library.tamu.edu/login?url=https://search.proquest.com/docview/2248556999
|z Connect to the full text of this electronic book
|t 0
|
| 999 |
f |
f |
|s e5567078-f516-3b08-901a-e027f1353070
|i 7f500fec-474f-3ed8-ad9f-d68991da9f05
|t 0
|
| 952 |
f |
f |
|a Texas A&M University
|b College Station
|c Electronic Resources
|d Available Online
|t 0
|e LF1107 .G95 1611
|h Library of Congress classification
|
| 998 |
f |
f |
|a LF1107 .G95 1611
|t 0
|l Available Online
|